000 00590nam a2200229Ia 4500
003 OSt
005 20220928122349.0
006 a|||||r|||| 00| 0
007 ta
008 220927b |||||||| |||| 00| 0 eng d
024 _a46826
037 _cTextual
040 _aSDCL
_cSDCL
_beng
041 _2eng
_aeng
082 _aR292, L3
100 _aRescher Nicholas
245 0 _aCoherence Theory of truth.
260 _aOxford
_bAt The Clarendon Press
_c1973
300 _axiv,374p.
_ccm.
942 _hR292, L3
_cTEXL
_2CC
999 _c771199
_d771199